<?xml version="1.0" encoding="UTF-8"?>
<marc:record xmlns:marc="http://www.loc.gov/MARC21/slim">
   <marc:leader>00000nam a2200000 a 4500</marc:leader>
   <marc:datafield ind1="1" ind2=" " tag="100">
      <marc:subfield code="a">Schmidt-Bleek, Friedrich</marc:subfield>
      <marc:subfield code="4">aut</marc:subfield>
      <marc:subfield code="e">Verfasser/-in</marc:subfield>
   </marc:datafield>
   <marc:datafield ind1=" " ind2=" " tag="653">
      <marc:subfield code="a">Ressourcenökonomie</marc:subfield>
   </marc:datafield>
   <marc:datafield ind1=" " ind2=" " tag="653">
      <marc:subfield code="a">Wirtschaftssektor</marc:subfield>
   </marc:datafield>
   <marc:datafield ind1=" " ind2=" " tag="653">
      <marc:subfield code="a">Nachhaltigkeit</marc:subfield>
   </marc:datafield>
   <marc:datafield ind1=" " ind2=" " tag="653">
      <marc:subfield code="a">Ökologie</marc:subfield>
   </marc:datafield>
   <marc:datafield ind1=" " ind2=" " tag="653">
      <marc:subfield code="a">Ressourcen</marc:subfield>
   </marc:datafield>
   <marc:datafield ind1=" " ind2=" " tag="653">
      <marc:subfield code="a">Wirtschaft</marc:subfield>
   </marc:datafield>
   <marc:datafield ind1=" " ind2=" " tag="653">
      <marc:subfield code="a">Umwelt</marc:subfield>
   </marc:datafield>
   <marc:datafield ind1=" " ind2=" " tag="653">
      <marc:subfield code="a">Nutzen</marc:subfield>
   </marc:datafield>
   <marc:datafield ind1=" " ind2=" " tag="653">
      <marc:subfield code="a">Softcover / Sachbücher/Natur</marc:subfield>
   </marc:datafield>
   <marc:datafield ind1=" " ind2=" " tag="653">
      <marc:subfield code="a">Technik/Natur</marc:subfield>
   </marc:datafield>
   <marc:datafield ind1=" " ind2=" " tag="653">
      <marc:subfield code="a">Gesellschaft</marc:subfield>
   </marc:datafield>
   <marc:datafield ind1="0" ind2="0" tag="245">
      <marc:subfield code="a">Grüne Wahrheiten</marc:subfield>
   </marc:datafield>
   <marc:datafield ind1="0" ind2="0" tag="245">
      <marc:subfield code="b">das Buch zur Ressourcenwende</marc:subfield>
   </marc:datafield>
   <marc:datafield ind1="0" ind2="0" tag="245">
      <marc:subfield code="c">Friedrich Schmidt-Bleek (Autor) ; Manuela Zimmer, Harald Kühr, Hubert Rhomberg (Hrsg.)</marc:subfield>
   </marc:datafield>
   <marc:datafield ind1=" " ind2="1" tag="264">
      <marc:subfield code="a">Berlin, Germany</marc:subfield>
      <marc:subfield code="b">Springer</marc:subfield>
   </marc:datafield>
   <marc:datafield ind1="1" ind2=" " tag="490">
      <marc:subfield code="a">Sachbuch</marc:subfield>
   </marc:datafield>
   <marc:datafield ind1="1" ind2=" " tag="520">
      <marc:subfield code="a">Angaben aus der Verlagsmeldung

Grüne Wahrheiten : Das Buch zur Ressourcenwende / von Friedrich Schmidt-Bleek, Harald Kühr, Hubert Rhomberg, Manuela Zimmer

Es ist das brandaktuelle Buch für die zentrale, globale Herausforderung unserer Zeit. In seinem Vermächtnis, zeigt sich Friedrich Schmidt-Bleek erneut als richtunggebender Vordenker, als Visionär, Umweltforscher und Gestalter einer zukunftsfähigen Umweltpolitik.

Ein erfolgreiches Ökologiekonzept muss alle die Klimakrise auslösenden und Umwelt zerstörenden Bereiche in ihren ineinandergreifenden Wirkungszusammenhängen ganzheitlich betrachten. Darauf kann eine verantwortungsbewusste Politik mit klaren Zielen, mit richtungssicheren sozialen, ökologischen und wirtschaftlichen Indikatoren aufbauen.

 Der zentrale Hebel zur Bewältigung der Klimakrise und Beendigung der Umweltzerstörung besteht für den Autor in der qualitativen Veränderung der Ressourcenabhängigkeit von Produkten und Dienstleistungen durch eine wesentliche Minimierung des Ressourcenverbrauchs. Mit dem seit 1990 entwickelten MIPS Konzept (Material-Input pro Serviceeinheit) ist ein Parameter entstanden, der den Ressourcenverbrauch im Lebenszyklus von Produkten und Dienstleistungen berechenbar und damit veränderbar macht. Damit ist der Weg zu zukunftsfähigen, nachhaltigen Produkten gangbar geworden.

 Anschaulich und allgemeinverständlich geschrieben legt Schmidt-Bleek hier sein über Jahrzehnte verfeinertes, und vorsorgendes Ökologiekonzept dar, dass eine gesamtgesellschaftliche Transformation und Ressourcenwende ermöglicht und uns allen Wege aufzeigt, aktiv daran teilzuhaben zu können.  

</marc:subfield>
   </marc:datafield>
   <marc:datafield ind1=" " ind2=" " tag="020">
      <marc:subfield code="a">9783662636862</marc:subfield>
      <marc:subfield code="9">9783662636862</marc:subfield>
   </marc:datafield>
   <marc:datafield ind1=" " ind2=" " tag="020">
      <marc:subfield code="a">3662636867</marc:subfield>
      <marc:subfield code="9">3662636867</marc:subfield>
   </marc:datafield>
   <marc:datafield ind1=" " ind2=" " tag="041">
      <marc:subfield code="a">ger</marc:subfield>
   </marc:datafield>
   <marc:datafield ind1=" " ind2=" " tag="300">
      <marc:subfield code="a">XX, 180 Seiten</marc:subfield>
   </marc:datafield>
</marc:record>
